000 00688nam a2200253Ia 4500
003 OSt
005 20221005050740.0
006 a|||||r|||| 00| 0
007 ta
008 221004b |||||||| |||| 00| 0 urd d
020 _c20
024 _a5529
037 _cTextual
040 _aCRL
_cCRL
_burd
041 _2urd
_aurd
082 _aO168,4L97,4, F2;J2
100 _aMubark Ali Au.
_9595121
245 0 _aUrdu e mualla
_b Mirza A Khan...Ghalib (mukamal)
260 _aLahore
_bTazir Kitab Pakistan
_c1922
300 _a420p.
_ccm.
650 _aURDU LETTERS
942 _hO168,4L97,4, F2;J2
_cTEXL
_2cc
999 _c957649
_d957649